Osobný spis zamestnanca
Osobný spis zamestnanca - všetky údaje týkajúce sa pracovného pomeru zamestnanca, tiež súhrn osobných údajov a informácií o zamestnancovi. Podmienky pre nakladanie s osobným spisom. Aké informácie môže zamestnávateľ o zamestnancovi zverejniť a komu.
Salvato in:
| Autore principale: | |
|---|---|
| Natura: | Capitolo di libro |
| Lingua: | slovacco |
| Soggetti: | |
| Tags: |
Nessun Tag, puoi essere il primo ad aggiungerne!!
|
MARC
| LEADER | 00000naa a2200000 4500 | ||
|---|---|---|---|
| 001 | 0236819 | ||
| 005 | 20221129080526.8 | ||
| 041 | 0 | |a slo | |
| 044 | |a SK | ||
| 245 | 1 | 0 | |a Osobný spis zamestnanca |c Martina Kovalčíková |
| 520 | |a Osobný spis zamestnanca - všetky údaje týkajúce sa pracovného pomeru zamestnanca, tiež súhrn osobných údajov a informácií o zamestnancovi. Podmienky pre nakladanie s osobným spisom. Aké informácie môže zamestnávateľ o zamestnancovi zverejniť a komu. | ||
| 610 | 2 | 0 | |a ochrana údajov osobných |
| 610 | 2 | 0 | |a likvidácia |
| 610 | 2 | 0 | |a právo pracovné |
| 610 | 2 | 0 | |a zamestnanci |
| 610 | 2 | 0 | |a zamestnávatelia |
| 100 | 1 | |a Kovalčíková, Martina | |